Piłkarze Liverpool'u - Statystyki

Ogólne statystyki
  • Ten quiz został rozwiązany 769 razy
    180 od ostatniego zresetowania
  • Średni wynik to 19 z 26
Statystyki odpowiedzi
Odpowiedź Państwo Pozycja % Poprawnych
Alisson Brazylia Bramkarz
99%
Virgil van Dijk Holandia Obrońca
96%
Mohamed Salah Egipt Napastnik
94%
Alexander Isak Szwecja Napastnik
91%
Ibrahima Konaté Francja Obrońca
91%
Andrew Robertson Szkocja Obrońca
89%
Hugo Ekitiké Francja Napastnik
89%
Florian Wirtz Niemcy Pomocnik
88%
Alexis Mac Allister Argentyna Pomocnik
85%
Cody Gakpo Holandia Napastnik
85%
Federico Chiesa Włochy Napastnik
85%
Giorgi Mamardashvili Gruzja Bramkarz
85%
Milos Kerkez Węgry Obrońca
84%
Dominik Szoboszlai Węgry Pomocnik
82%
Wataru Endo Japonia Pomocnik
82%
Joe Gomez Anglia Obrońca
79%
Ryan Gravenberch Holandia Pomocnik
78%
Conor Bradley Irlandia Północna Obrońca
77%
Jeremie Frimpong Holandia Obrońca
75%
Curtis Jones Anglia Pomocnik
70%
Giovanni Leoni Włochy Obrońca
50%
Stefan Bajcetic Hiszpania Pomocnik
47%
Freddie Woodman Anglia Bramkarz
46%
Rio Ngumoha Anglia Napastnik
42%
Trey Nyoni Anglia Pomocnik
24%
Rhys Williams Anglia Obrońca
9%
Nie znaleziono quizów pasujących do podanych kryteriów
Rozkład punktacji
Procent ludzi z każdym wynikiem
Percentyl według liczby udzielonych odpowiedzi
Twoja historia wyników
Nie rozwiązałeś tego quizu od ostatniego zresetowania